Normal view
MARC view
Entry Personal Name
001 - CONTROL NUMBER
- control field: 167763
003 - CONTROL NUMBER IDENTIFIER
- control field: OSt
005 - DATE AND TIME OF LATEST TRANSACTION
- control field: 20220923224058.0
008 - FIXED-LENGTH DATA ELEMENTS
- fixed length control field: 220923|| aca||aabn | a|a d
040 ## - CATALOGING SOURCE
- Original cataloging agency: OSt
- Transcribing agency: OSt
100 ## - HEADING--PERSONAL NAME
- Personal name: नागर, विष्णुदत्त; नागर, निरूपमा, व्या
670 ## - SOURCE DATA FOUND
- Source citation: Work cat.: (OSt)369081: नागर, विष्णुदत्त; नागर, निरूपमा, व्या., भूमंडलीकरण के अन्तर्द्वन्द्व, 2004
